Normal view MARC view

Entry Corporate Name

Number of records used in: 1

001 - CONTROL NUMBER

  • control field: 276775

003 - CONTROL NUMBER IDENTIFIER

  • control field: MY-SjTCS

005 - DATE AND TIME OF LATEST TRANSACTION

  • control field: 20200306170013.0

008 - FIXED-LENGTH DATA ELEMENTS

  • fixed length control field: 200306|| aca||aabn | a|a d

040 ## - CATALOGING SOURCE

  • Original cataloging agency: MY-SjTCS
  • Transcribing agency: MY-SjTCS

110 ## - HEADING--CORPORATE NAME

  • Corporate name or jurisdiction name as entry element: International Monetary Fund.
  • Subordinate unit: Fiscal Affairs Dept.

670 ## - SOURCE DATA FOUND

  • Source citation: Work cat.: (MY-SjTCS)59620: Strand, Jon. 276770, Energy efficiency and renewable energy supply for the G-7 countries, with emphasis on Germany, 2007.